| 000 | 00444nam a22001697a 4500 | ||
|---|---|---|---|
| 999 |
_c524091 _d524091 |
||
| 003 | NUST | ||
| 038 | _awaseem | ||
| 082 |
_a891.421 _bPAS |
||
| 100 |
_aPasha, Salim _914915 |
||
| 245 |
_aWakh Hoon Tu Phela / _cSalim Pasha |
||
| 260 |
_aLahore : _bTopical Publications, _c2005. |
||
| 300 | _a103 p. ; | ||
| 500 | _aPaperback. | ||
| 880 |
_6100-02\r _aسلیم پاشا |
||
| 880 |
_6245-02\r _aوکھ ہوتوں پہلاں / |
||
| 942 |
_2ddc _cBK |
||